| 000 | 00812nam a2200229 a 4500 | ||
|---|---|---|---|
| 001 | 3388 | ||
| 003 | CDMR | ||
| 005 | 20131125140049.0 | ||
| 008 | 130130s1996||||||||||||||||||||||||||||d | ||
| 020 | _a843933799X | ||
| 040 |
_aCDMR _bcat _cCPC LLEIDA |
||
| 100 | 1 |
_aCarreras i Serra, Lluís de _91753 |
|
| 245 | 1 | 0 |
_aRègim jurídic de la informació _b: periodistes i mitjans de comunicació _cLluís de Carreras ; pròleg de Manuel Jiménez de Parga |
| 260 |
_aBarcelona _c1996 _bCentre d'Investigació de la Comunicació |
||
| 300 | _a344 p. | ||
| 490 | 0 |
_aEstudis i Recerques _v12 |
|
| 650 | 0 | 4 |
_93208 _aPeriodisme _xDret i legislació |
| 650 | 0 | 4 |
_93370 _aMitjans de comunicació de massa _xDret i legislació |
| 650 | 0 | 4 |
_93195 _aDrets humans |
| 700 | 1 |
_91553 _aJiménez De Parga, Manuel _epr. |
|
| 942 |
_cMON _2udc |
||
| 999 |
_c3388 _d3388 |
||